Tulsa King: Season Two (Record no. 404628)
[ view plain ]
| 000 -LEADER | |
|---|---|
| fixed length control field | 01772cgm a2200313Ii 4500 |
| 005 - DATE AND TIME OF LATEST TRANSACTION | |
| control field | 20250909141024.0 |
| 007 - PHYSICAL DESCRIPTION FIXED FIELD--GENERAL INFORMATION | |
| fixed length control field | vd cvaizk |
| 008 - FIXED-LENGTH DATA ELEMENTS--GENERAL INFORMATION | |
| fixed length control field | 250217s2025 --- ## v eng d |
| 024 ## - OTHER STANDARD IDENTIFIER | |
| Standard number or code | 191329272855 |
| Qualifying information | (videorecording) |
| 040 ## - CATALOGING SOURCE | |
| Original cataloging agency | CTMMSN |
| Language of cataloging | eng |
| Description conventions | rda |
| Transcribing agency | CTMMSN |
| 092 ## - LOCALLY ASSIGNED DEWEY CALL NUMBER (OCLC) | |
| Classification number | movie |
| Item number | Tulsa King |
| 245 00 - TITLE STATEMENT | |
| Title | Tulsa King: Season Two |
| Medium | [videorecording]. |
| 264 ## - Production, Publication, Distribution, Manufacture, and Copyright Notice. | |
| Place of production, publication, distribution, manufacture | [Place of publication not identified?]: |
| Name of producer, publisher, distributor, manufacturer | Paramount, |
| Date of production, publication, distribution, manufacture, or copyr | 2025 |
| 264 ## - Production, Publication, Distribution, Manufacture, and Copyright Notice. | |
| Place of production, publication, distribution, manufacture | Old Saybrook, Connecticut : |
| Name of producer, publisher, distributor, manufacturer | www.micromarketing.org |
| 300 ## - PHYSICAL DESCRIPTION | |
| Extent | [3 videodisc (approximately N/A minutes)?] : |
| Other physical details | sound, color; |
| Dimensions | 4 3/4 in. |
| 336 ## - Content Type | |
| Content type term | two-dimensional moving image |
| 337 ## - Media type | |
| Media type term | video |
| 338 ## - Carrier type | |
| Carrier type term | videodisc |
| 490 0# - SERIES STATEMENT | |
| Series statement | Tulsa King: Season Two; |
| Volume number/sequential designation | 2 |
| 500 ## - GENERAL NOTE | |
| General note | [Typographic symbols and accents removed for systems compatibility.] |
| 500 ## - GENERAL NOTE | |
| General note | Widescreen edition. |
| 520 ## - SUMMARY, ETC. | |
| Summary, etc | The King of Tulsa is back for a second season with 3-time Oscar nominee Sylvester Stallone. Get a fresh look behind the scenes with two exclusive featurettes, including candid interviews, hear Stallone's tribute to fellow cast and crew, and explore the creative process for writing the dynamic storylines of Season 2. Joining the star-studded cast this season is Neal McDonough (Desperate Housewives) and Frank Grillo (The Purge). From creator and executive producer Taylor Sheridan and executive producer, showrunner and writer, Terence Winter (The Sopranos, The Wolf of Wall Street). Paramount; 191329272855; 3 Disc(s); min; TV Crime, Drama; TVMA; 03/18/25 |
| 521 ## - TARGET AUDIENCE NOTE | |
| Target audience note | Rating: TVMA. |
| 538 ## - SYSTEM DETAILS NOTE | |
| System details note | DVD, color, widescreen, NTSC. |
| 650 #7 - SUBJECT ADDED ENTRY--TOPICAL TERM | |
| Topical term or geographic name as entry element | On TV |
| Source of heading or term | bisacsh |
| 9 (RLIN) | 6437060 |
| 655 ## - INDEX TERM--GENRE/FORM | |
| Genre/form data or focus term | Video recordings. |
| Source of term | lcgft |
| 710 ## - ADDED ENTRY--CORPORATE NAME | |
| Corporate name or jurisdiction name as entry element | Paramount |
| 9 (RLIN) | 5799458 |
| 942 ## - ADDED ENTRY ELEMENTS (KOHA) | |
| Source of classification or shelving scheme | Dewey Decimal Classification |
| Koha item type | DVD |
| Withdrawn status | Lost status | Source of classification or shelving scheme | Materials specified (bound volume or other part) | Damaged status | Not for loan | Collection code | Home library | Current library | Shelving location | Date acquired | Source of acquisition | Serial Enumeration / chronology | Total Checkouts | Total Renewals | Full call number | Barcode | Date last seen | Date checked out | Cost, replacement price | Price effective from | Koha item type |
|---|---|---|---|---|---|---|---|---|---|---|---|---|---|---|---|---|---|---|---|---|---|
| Dewey Decimal Classification | 3 discs | Television Series | Wasatch County Library | Wasatch County Library | Audio Visual Area | 04/09/2025 | Micromarketing | Season 2 - Tulsa King | 7 | 11 | TV Series Tulsa King #2 | 34301002152033 | 12/01/2025 | 11/21/2025 | 25.99 | 04/09/2025 | DVD Series |
